000
00282nam a22001337a 4500
008
170908b xxu||||| |||| 00| 0 eng d
020
_a
9780792255543
041
_a
eng
080
_a
91
100
_a
42
101
_a
GJEO
245
_a
VOICES OF WAR
_c
WIENER,T
942
_2
udc
_c
BK
999
_c
26907
_d
26907